00601nam a2200169Ia 4500008004100000020001800041041000800059082001300067100003300080245003500113250001200148260002800160300001300188906001400201999001700215952019900232220530s9999 xx 000 0 und d a9780091906382 aeng a820bPEA aPeale, Norman Vincent957560 aThe Power of Positive Thinking a1st Ed. aLondonbVermilionc2004 aXI;302P. a49.75bGB c51940d51940 001040708Non Technical aCEWNbCEWNd2014-03-19eAllied Publisher Pvt. Ltd.g199.00l5m2o820/PEA/ pCEWN-BK-5649q2026-04-08r2026-03-24 15:41:48s2026-03-24v149.25w2022-05-30yBKz005649